Sports Quiz

Random Sports or WWE Quiz
Score 0/85 Timer 05:00
0 Plays Today
% Correct
Diamond Dallas Page & Kevin Nash vs. Jeff Jarrett & Rick Steiner
98.2%
Jeff Jarrett & Rick Steiner vs. Diamond Dallas Page & Dustin Rhodes
97.2%
Jeff Jarrett & Rick Steiner vs. Diamond Dallas Page & Dustin Rhodes
97.2%
Rick Steiner vs. Jeff Jarrett
96.8%
Jeff Jarrett vs. Sid Vicious
96.3%
Diamond Dallas Page vs. Jeff Jarrett
96.3%
Sid Vicious vs. Scott Steiner
95.9%
Rick Steiner vs. Bam Bam Bigelow
95.9%
Rick Steiner vs. Hugh Morrus
95.9%
Scott Steiner vs. Ernest Miller
95.9%
Hugh Morrus vs. Rick Steiner
95.9%
Kevin Nash, Diamond Dallas Page & Hugh Morrus vs. Shane Douglas, Mark Jindrak & Shawn Stasiak
95.4%
Rick Steiner vs. Kwee Wee
95.4%
Brian Adams & Bryan Clark vs. Scott Steiner & Animal
95.4%
Diamond Dallas Page & Ernest Miller vs. Buff Bagwell & Kanyon
95.4%
Rey Mysterio Jr. vs. Kaz Hayashi vs. Shane Helms vs. Elix Skipper vs. Yang vs. Jamie Noble vs. Billy Kidman vs. Lash LeRoux vs. Evan Karagias
94.9%
Rick Steiner vs. Big Vito
94.9%
Sean O'Haire vs. Lex Luger, Buff Bagwell & Chuck Palumbo
94.9%
Rey Mysterio Jr., Billy Kidman & Shane Helms vs. Chavo Guerrero Jr., Elix Skipper & Kid Romeo
94.9%
Sean O'Haire & Chuck Palumbo vs. Kwee Wee & Big Vito
94.5%
Lance Storm & Elix Skipper vs. Rey Mysterio Jr. & Billy Kidman
94.5%
Sean O'Haire & Chuck Palumbo vs. Big Vito & Johnny The Bull
94.5%
Scott Steiner & Jeff Jarrett vs. Dustin Rhodes
94.5%
Sean O'Haire & Chuck Palumbo vs. Corporal Cajun & Sgt. A-Wall
94%
Chavo Guerrero Jr. & The Wall vs. Rey Mysterio Jr. & Hugh Morrus
94%
Konnan & Hugh Morrus vs. Mike Sanders & Disco Inferno
94%
Brian Adams & Bryan Clark vs. Lex Luger & Buff Bagwell
93.5%
Lex Luger & Buff Bagwell vs. Brian Adams & Bryan Clark
93.5%
Jeff Jarrett vs. Hugh Morrus
93.5%
% Correct
Lex Luger & Buff Bagwell vs. Brian Adams & Bryan Clark
93.5%
Jeff Jarrett vs. Crowbar
93.5%
Ernest Miller vs. Reno
93.1%
Chuck Palumbo vs. Mike Awesome
93.1%
Shane Helms vs. Billy Kidman
92.6%
Sean O'Haire vs. Norman Smiley
92.6%
Ernest Miller vs. Elix Skipper
92.6%
Mike Awesome vs Billy Kidman
92.2%
Mike Awesome vs. Konnan
92.2%
Ernest Miller & M.I. Smooth vs. Kanyon & Animal
92.2%
Meng vs. Bam Bam Bigelow
91.7%
Shane Helms vs. Kwee Wee
91.7%
Sean O'Haire vs. Mark Jindrak
91.2%
Lance Storm vs. Konnan
91.2%
Shane Helms vs. Jamie Knoble
90.8%
Meng vs. Don Harris
90.8%
Mike Awesome vs. Norman Smiley
90.8%
Kaz Hayashi vs. Shane Helms
90.8%
Buff Bagwell vs. Konnan
90.8%
Shane Helms vs. Elix Skipper
90.8%
Rey Mysterio Jr. & Billy Kidman vs. Shannon Moore & Evan Karagias
90.8%
Chavo Guerrero Jr. vs. Hugh Morrus
90.3%
Konnan vs. Reno
90.3%
Brian Adams vs. Lex Luger
90.3%
Mike Awesome vs. Ernest Miller
90.3%
Scott Steiner vs. Hugh Morrus
90.3%
Meng vs. Crowbar
89.4%
Ron Harris vs. Norman Smiley
89.4%
Ron Harris vs. Crowbar
89.4%
% Correct
Rey Mysterio Jr. vs. The Wall
89.4%
Kaz Hayashi & Yang vs. Mike Sanders & Kwee Wee
89.4%
Shane Helms vs. Johnny Swinger
89.4%
Mike Awesome vs. Jim Duggan
88.9%
Konnan vs. Mike Sanders
88.9%
Jamie Noble & Evan Karagias vs. AJ Styles & Air Paris
88.9%
Chuck Palumbo vs. Lex Luger
88.5%
Chuck Palumbo vs. Lex Luger
88.5%
Ron Harris vs. Lash LeRoux
88%
Booker T vs. Scott Steiner
88%
Mike Sanders vs. Kwee Wee
86.6%
Kaz Hayashi & Yang vs. AJ Styles & Air Paris
86.6%
Shawn Stasiak vs. Reno
86.2%
Bam Bam Bigelow vs. Norman Smiley
85.7%
Kaz Hayashi vs. Kwee Wee
85.7%
Shawn Stasiak vs. Norman Smiley
85.7%
Kwee Wee vs. Scotty O
85.3%
Goldberg vs. Mark Jindrak
84.8%
DeWayne Bruce vs. Buff Bagwell
84.8%
Shawn Stasiak vs. Big Vito
84.8%
Chuck Palumbo vs. Disco Inferno
84.8%
Shawn Stasiak vs. Johnny The Bull
84.3%
Kwee Wee vs. Rick Michaels
82%
AJ Styles & Air Paris vs. Alex Wright & Disco Inferno
82%
Shannon Moore & Evan Karagias vs. Jason B & Scotty O
76.5%
Jason Jett vs. Alex Wright
68.7%
Jason Jett vs. Kid Kash
54.4%
Remove Ads.
Support Sporcle.
Get the best of Sporcle when you Go Orange. This ad-free experience offers more features, more stats, and more fun while also helping to support Sporcle. Thank you for becoming a member.

You're not logged in!

Compare scores with friends on all Sporcle quizzes.
OR
Log In

Sporcle TV

Today on Sporcle TV


Watch our educational content, quiz creation guides, and fun videos on Sporcle TV.

Show Comments

Extras

Top Quizzes Today


Score Distribution

Paid Content

Your Account Isn't Verified!

In order to create a playlist on Sporcle, you need to verify the email address you used during registration. Go to your Sporcle Settings to finish the process.

Report this User

Report this user for behavior that violates our Community Guidelines.

Details: